| 000 | 01470nam a2200337 i 4500 | ||
|---|---|---|---|
| 001 | 190971 | ||
| 003 | ES-MaACL | ||
| 005 | 20251108164527.0 | ||
| 008 | 220908s2021 dr a 001 0 spa | ||
| 020 | _a9789945613773 | ||
| 040 | _cES-MaACL | ||
| 080 | _a821.134.2-6 | ||
| 100 | 1 |
_aNaranjo Orovio, Consuelo _eaut _984927 |
|
| 245 | 1 | 0 |
_aCartas con historia : _bPedro Henríquez Ureña entre América y España / _cConsuelo Naranjo Orovio. |
| 250 | _aPrimera edición, 2021 | ||
| 260 |
_aSanto Domingo, República Dominicana : _bArchivo General de la Nación, _c2021 |
||
| 300 |
_a459 páginas : _bilustraciones (blanco y negro) ; _c26 cm. |
||
| 490 | 1 |
_aArchivo General de la Nación (República Dominicana) ; _v411 |
|
| 500 | _aÍndice | ||
| 504 | _aBibliografía: páginas 445-456 | ||
| 600 | 1 | 4 |
_aHenríquez Ureña, Pedro, _d1884-1946- _vCorrespondencia _9175014 |
| 700 |
_aHenríquez Ureña, Pedro, _d1884-1946 _eaut _9176516 |
||
| 710 | 2 |
_aArchivo General de la Nación (República Dominicana) _91434 _eedt |
|
| 810 | 2 |
_aArchivo General de la Nación (República Dominicana) ; _v411 _91434 |
|
| 852 |
_aEs-MaACL _bR.153144 _cDEPOJ _hDonación: Consuelo Naranjo Orovio _jN-8384/Ej.1 _9200051 _zDuplicado |
||
| 852 |
_aES-MaACL _bR.153384 _cDEPOJ _hDonación: Consuelo Naranjo Orovio _jN-8030 _9198160 |
||
| 903 |
_aNaranjo Orovio, Consuelo _ednr _984927 |
||
| 942 |
_cMONOGRAFIA _n0 |
||
| 999 |
_c190971 _d190971 |
||